Psicopatología y educación del niño con lesión cerebral
Bewaard in:
| Hoofdauteurs: | , , , |
|---|---|
| Formaat: | Boek |
| Taal: | Spaans |
| Gepubliceerd in: |
Buenos Aires
EUDEBA
1969
|
| Editie: | 2a. ed |
| Reeks: | Temas de EUDEBA
|
| Onderwerpen: | |
| Tags: |
Voeg label toe
Geen labels, Wees de eerste die dit record labelt!
|
MARC
| LEADER | 00000nam a2200000 a 4500 | ||
|---|---|---|---|
| 001 | UCY9077 | ||
| 003 | CL-VaPUC | ||
| 008 | 950707e19691200AG |||||||||||||||||spa|d | ||
| 082 | 0 | 4 | |a 371.916 |b STR |2 21 |
| 100 | 0 | |a Strauss, Alfred A |e author |9 341106 | |
| 700 | 0 | |a Lehtinen, Laura E |e author |9 341107 | |
| 700 | |a Kephart, Newell C |e author |9 343745 | ||
| 700 | 0 | |a Goldenberg, Samuel |e author |9 341109 | |
| 245 | 1 | 0 | |a Psicopatología y educación del niño con lesión cerebral |
| 250 | |a 2a. ed | ||
| 300 | |a 311 p | ||
| 942 | |c BK | ||
| 945 | |d 19950707 00:00:00 |a lriquelm | ||
| 260 | |a Buenos Aires |b EUDEBA |c 1969 | ||
| 650 | 0 | |a Educación especial |9 307486 | |
| 650 | 0 | |a Enseñanza de la lectura |9 308364 | |
| 650 | 0 | |a Tests psicológicos |9 308644 | |
| 650 | 7 | |a NIÑOS MINUSVALIDOS |2 CL-VaPUC |9 309747 | |
| 650 | 0 | |a Minusválidos mentales |9 311830 | |
| 650 | 0 | |a Psicopatología |9 307473 | |
| 583 | |a last modification |c 19950707 00:00:00 |k Rodrigo Vera | ||
| 490 | 0 | |a Temas de EUDEBA | |
| 999 | |c 236249 |d 236247 | ||
| 952 | |0 0 |1 0 |4 0 |6 371_916000000000000_STR_1969 |7 0 |8 P |9 244261 |a BIBEDU |b BIBEDU |c BIBEDU_PB |d 2019-11-18 |i 1532375 |o 371.916 STR 1969 |p 1532375 |r 2024-01-25 |w 2019-11-18 |y BK |k EDU | ||